Normal view
MARC view
Entry Personal Name
001 - CONTROL NUMBER
- control field: 12557
003 - CONTROL NUMBER IDENTIFIER
- control field: ARRUPE
005 - DATE AND TIME OF LATEST TRANSACTION
- control field: 20141112113230.0
008 - FIXED-LENGTH DATA ELEMENTS
- fixed length control field: 141112|| aca||aabn | a|a d
040 ## - CATALOGING SOURCE
- Original cataloging agency: ARRUPE
- Transcribing agency: ARRUPE
100 ## - HEADING--PERSONAL NAME
- Personal name: Cook, Michael L.
- Fuller form of name: (Michael LaVelle),
- Dates associated with a name: 1936-
670 ## - SOURCE DATA FOUND
- Source citation: Work cat.: (ARRUPE)0: Cook, Michael L. (Michael LaVelle), 1936-, Christology as narrative quest /, c1997.